| 000 | 00911cab a2200253 4500 | ||
|---|---|---|---|
| 001 | WB3028-25 | ||
| 008 | 090401t1994 xxu||||| |||| 00| 0 eng d | ||
| 035 | _a(Sirsi) u10479 | ||
| 041 | _aeng | ||
| 245 | _aTougher rules demanded on low-rent homes | ||
| 260 | _c1994 | ||
| 350 | _a0 | ||
| 490 |
_aFinancial Times _v19 July 1994, 7 |
||
| 490 |
_aTimes _v19 July 1994, 24(2) |
||
| 520 | _a"New homes in the 1990`s" (Joseph Rowntree Foundation £8.50) calls for the government to lay down minimum space standards for housing association homes. The Housing Corporation at the launch of its annual report is urging the Government to review the regulation of housing associations. | ||
| 650 | _aHOUSING ASSOCIATION | ||
| 650 | _aHOUSING CORPORATION | ||
| 650 | _aLOW COST HOUSING | ||
| 650 | _aSOCIAL HOUSING | ||
| 650 | _aSPACE REQUIREMENTS | ||
| 690 | _aHOUSING | ||
| 942 | _n0 | ||
| 948 | _c04/03/1997 | ||
| 999 |
_c6615 _d6615 |
||